Statistiques concernant Trois drapeaux de pays à rayures horizontales

Cliquez ici pour prendre le quiz!

Statistiques générales

  • Ce quiz a été pris 120 fois
  • Le résultat moyen est 11 sur 13

Statistiques - réponses

Réponse% Correct
Allemagne
100%
Russie
98%
Luxembourg
94%
Pays-Bas
94%
Estonie
93%
Bulgarie
91%
Hongrie
90%
Lituanie
83%
Arménie
80%
Gabon
74%
Bolivie
68%
Yémen
68%
Sierra Leone
58%

Distribution des résultats

Percentile par nombre de réponses

% des personnes avec chaque résultat

Votre développement - résultats

Vous n’avez pas pris ce quiz